<?xml version="1.0" encoding="UTF-8"?>
<record
    xmlns:xsi="http://www.w3.org/2001/XMLSchema-instance"
    xsi:schemaLocation="http://www.loc.gov/MARC21/slim http://www.loc.gov/standards/marcxml/schema/MARC21slim.xsd"
    xmlns="http://www.loc.gov/MARC21/slim">

  <leader>01598nam a22004217a 4500</leader>
  <controlfield tag="001">36279</controlfield>
  <controlfield tag="003">Ost</controlfield>
  <controlfield tag="005">20260507154550.0</controlfield>
  <controlfield tag="008">251113s9999||||xx |||||||||||||| ||eng||</controlfield>
  <datafield tag="020" ind1=" " ind2=" ">
    <subfield code="a">9789389412215</subfield>
  </datafield>
  <datafield tag="040" ind1=" " ind2=" ">
    <subfield code="c">nitttr</subfield>
  </datafield>
  <datafield tag="082" ind1=" " ind2=" ">
    <subfield code="a">581.634</subfield>
    <subfield code="b">TIW-M</subfield>
  </datafield>
  <datafield tag="100" ind1=" " ind2=" ">
    <subfield code="a">Jawala Prasad Tiwari - &#x91C;&#x94D;&#x935;&#x93E;&#x932;&#x93E; &#x92A;&#x94D;&#x930;&#x938;&#x93E;&#x926; &#x924;&#x93F;&#x935;&#x93E;&#x930;&#x940; </subfield>
  </datafield>
  <datafield tag="245" ind1=" " ind2="0">
    <subfield code="a">Aushdhiya Podhya - &#x914;&#x937;&#x927;&#x93F;&#x92F; &#x92A;&#x94C;&#x927;&#x947;</subfield>
    <subfield code="b">Krishi Avam Upyog - Krishi Avam Upyog</subfield>
  </datafield>
  <datafield tag="250" ind1=" " ind2=" ">
    <subfield code="a">1st Ed.</subfield>
  </datafield>
  <datafield tag="260" ind1=" " ind2=" ">
    <subfield code="a">Jodhpur, Rajasthan India</subfield>
    <subfield code="b">Scientific Publishers India</subfield>
    <subfield code="c">2020</subfield>
  </datafield>
  <datafield tag="300" ind1=" " ind2=" ">
    <subfield code="a">vii , 360 p.</subfield>
  </datafield>
  <datafield tag="650" ind1=" " ind2=" ">
    <subfield code="a"> &#x905;&#x936;&#x94D;&#x935;&#x917;&#x902;&#x927;&#x93E; </subfield>
  </datafield>
  <datafield tag="650" ind1=" " ind2=" ">
    <subfield code="a"> &#x907;&#x938;&#x92C;&#x917;&#x94B;&#x932; </subfield>
  </datafield>
  <datafield tag="650" ind1=" " ind2=" ">
    <subfield code="a"> &#x914;&#x937;&#x927;&#x940;&#x92F; &#x92A;&#x94C;&#x927;&#x94B;&#x902; &#x915;&#x947; &#x92A;&#x94D;&#x930;&#x930;&#x94D;&#x935;&#x927;&#x928; &#x915;&#x940;  &#x924;&#x915;&#x928;&#x940;&#x915; </subfield>
  </datafield>
  <datafield tag="650" ind1=" " ind2=" ">
    <subfield code="a"> &#x915;&#x932;&#x93F;&#x939;&#x93E;&#x930;&#x940;. </subfield>
  </datafield>
  <datafield tag="650" ind1=" " ind2=" ">
    <subfield code="a"> &#x915;&#x93E;&#x932;&#x92E;&#x947;&#x918;</subfield>
  </datafield>
  <datafield tag="650" ind1=" " ind2=" ">
    <subfield code="a"> &#x915;&#x941;&#x91F;&#x915;&#x940; </subfield>
  </datafield>
  <datafield tag="650" ind1=" " ind2=" ">
    <subfield code="a"> &#x915;&#x942;&#x920; </subfield>
  </datafield>
  <datafield tag="650" ind1=" " ind2=" ">
    <subfield code="a"> &#x915;&#x943;&#x937;&#x93F; &#x935;&#x93F;&#x915;&#x93E;&#x938; &#x92E;&#x947;&#x902; &#x914;&#x937;&#x927;&#x940;&#x92F; \&#x938;&#x932;&#x94B;&#x902; &#x915;&#x940; &#x916;&#x947;&#x924;&#x940; &#x915;&#x93E; &#x92F;&#x94B;&#x917;&#x926;&#x93E;&#x928; </subfield>
  </datafield>
  <datafield tag="650" ind1=" " ind2=" ">
    <subfield code="a"> &#x915;&#x947;&#x92F;&#x94B;&#x915;&#x902;&#x926; </subfield>
  </datafield>
  <datafield tag="650" ind1=" " ind2=" ">
    <subfield code="a"> &#x91A;&#x915;&#x94D;&#x930;&#x92E;&#x930;&#x94D;&#x926; </subfield>
  </datafield>
  <datafield tag="650" ind1=" " ind2=" ">
    <subfield code="a"> &#x91A;&#x928;&#x94D;&#x926;&#x94D;&#x930;&#x938;&#x942;&#x930; </subfield>
  </datafield>
  <datafield tag="650" ind1=" " ind2=" ">
    <subfield code="a"> &#x92C;&#x94D;&#x930;&#x93E;&#x939;&#x94D;&#x92E;&#x940; </subfield>
  </datafield>
  <datafield tag="650" ind1=" " ind2=" ">
    <subfield code="a"> &#x92E;&#x915;&#x94B;&#x92F;</subfield>
  </datafield>
  <datafield tag="650" ind1=" " ind2=" ">
    <subfield code="a"> &#x92E;&#x902;&#x921;&#x942;&#x915; &#x92A;&#x930;&#x94D;&#x923;&#x940; </subfield>
  </datafield>
  <datafield tag="650" ind1=" " ind2=" ">
    <subfield code="a"> &#x92E;&#x941;&#x932;&#x948;&#x920;&#x940; </subfield>
  </datafield>
  <datafield tag="650" ind1=" " ind2=" ">
    <subfield code="a"> &#x938;&#x926; &#x92E;&#x942;&#x938;&#x932;&#x940; </subfield>
  </datafield>
  <datafield tag="650" ind1=" " ind2=" ">
    <subfield code="a"> &#x938;&#x928;&#x93E;&#x92F;</subfield>
  </datafield>
  <datafield tag="650" ind1=" " ind2=" ">
    <subfield code="a"> &#x938;&#x930;&#x94D;&#x92A;&#x917;&#x902;&#x927;&#x93E; </subfield>
  </datafield>
  <datafield tag="650" ind1=" " ind2=" ">
    <subfield code="a">&#x935;&#x928;&#x94C;&#x937;&#x927;&#x93F;&#x92F;&#x94B;&#x902; &#x915;&#x947; &#x938;&#x902;&#x930;&#x915;&#x94D;&#x937;&#x923; &#x90F;&#x935;&#x902; &#x938;&#x902;&#x935;&#x930;&#x94D;&#x927;&#x928; &#x915;&#x940; &#x906;&#x935;&#x936;&#x94D;&#x92F;&#x915;&#x924;&#x93E; </subfield>
  </datafield>
  <datafield tag="942" ind1=" " ind2=" ">
    <subfield code="c">BK</subfield>
  </datafield>
  <datafield tag="999" ind1=" " ind2=" ">
    <subfield code="c">190</subfield>
    <subfield code="d">190</subfield>
  </datafield>
  <datafield tag="952" ind1=" " ind2=" ">
    <subfield code="0">0</subfield>
    <subfield code="1">0</subfield>
    <subfield code="4">0</subfield>
    <subfield code="7">0</subfield>
    <subfield code="a">NITTTR</subfield>
    <subfield code="b">NITTTR</subfield>
    <subfield code="d">2026-05-07</subfield>
    <subfield code="l">0</subfield>
    <subfield code="o">581.634 TIW-M</subfield>
    <subfield code="p">50190</subfield>
    <subfield code="r">2026-05-07 15:45:50</subfield>
    <subfield code="w">2026-05-07</subfield>
    <subfield code="y">BK</subfield>
  </datafield>
</record>
